[Event "Faxe Dags EMT 2017"]
[Site "Faxe"]
[Date "2017.04.26"]
[Round "4.12"]
[White "Larsen, Alex Oksenbol"]
[Black "Skotte, Niels Peder"]
[Result "1/2-1/2"]
[WhiteElo "1219"]
[BlackElo "1333"]
[PlyCount "35"]
[EventDate "2017.??.??"]

1. Nf3 Nf6 2. d4 d6 3. c4 c6 4. b3 a6 5. Bb2 Bf5 6. g3 Nbd7 7. Bg2 Qc7 8. O-O
e5 9. dxe5 Nxe5 10. Nxe5 dxe5 11. Qe1 Bc5 12. e4 Be6 13. Nd2 Bb4 14. a3 Bxd2
15. Qxd2 Rd8 16. Qb4 c5 17. Qe1 O-O 18. f4 1/2-1/2

[Event "Faxe Dags EMT 2017"]
[Site "Faxe"]
[Date "2017.04.26"]
[Round "4.13"]
[White "Larsen, Poul Erik"]
[Black "Hansen, Borge"]
[Result "0-1"]
[WhiteElo "1300"]
[BlackElo "1523"]
[PlyCount "80"]
[EventDate "2017.??.??"]

1. e4 e5 2. Nf3 d6 3. Nc3 Nf6 4. Bc4 Be7 5. d4 exd4 6. Nxd4 O-O 7. O-O Bd7 8.
Re1 Nc6 9. Be3 Ne5 10. Be2 Re8 11. f4 Nc6 12. f5 Nxd4 13. Qxd4 Bc6 14. Bf3 Nd7
15. Bf4 Bf6 16. Qd2 Ne5 17. Qe2 Nxf3+ 18. Qxf3 Bd4+ 19. Kh1 f6 20. Rad1 Bxc3
21. Qxc3 Bxe4 22. Qc4+ d5 23. Qxc7 Qxc7 24. Bxc7 Rec8 25. c4 Rxc7 26. cxd5 Bxf5
27. d6 Rd7 28. Re7 Rad8 29. Rxd7 Rxd7 30. Kg1 Kf7 31. Rc1 Rxd6 32. Rc7+ Rd7 33.
Rxd7+ Bxd7 34. Kf2 h5 35. h4 Ke6 36. g3 Kf5 37. Ke3 Kg4 38. Kf2 Bc6 39. b4 a6
40. a3 g6 0-1

[Event "Faxe Dags EMT 2017"]
[Site "Faxe"]
[Date "2017.05.17"]
[Round "4.14"]
[White "Nielsen, Henning Sogaard"]
[Black "Meldal, Peter"]
[Result "1-0"]
[WhiteElo "1085"]
[BlackElo "1158"]
[PlyCount "89"]
[EventDate "2017.??.??"]

1. d4 Nf6 2. c4 g6 3. Nc3 d5 4. e3 Bg7 5. Be2 O-O 6. Nf3 c6 7. c5 b6 8. b4 Ba6
9. Ne5 Bxe2 10. Qxe2 Nfd7 11. Nxd7 Nxd7 12. O-O e5 13. Qd2 Re8 14. a4 Nf6 15.
f3 e4 16. Qf2 Qc7 17. Ba3 Qd7 18. f4 Ng4 19. Qg3 f5 20. h3 Nf6 21. b5 bxc5 22.
Bxc5 Qc8 23. a5 Nd7 24. Bd6 c5 25. Nxd5 Re6 26. Rfc1 Rxd6 27. Ne7+ Kh8 28. Nxc8
Rxc8 29. Kh1 c4 30. Qe1 Nf6 31. Qb4 Bf8 32. Qa4 c3 33. Rc2 Nd5 34. Re1 Rdd8 35.
Kg1 Nb4 36. Rd1 Nxc2 37. Qxc2 Bb4 38. a6 Rd5 39. Qa4 c2 40. Rc1 Bd2 41. Rxc2
Rxc2 42. Qxc2 Bxe3+ 43. Kh1 Rxd4 44. Qc3 Kg8 45. Qxe3 1-0

[Event "Faxe Dags EMT 2017"]
[Site "Faxe"]
[Date "2017.05.03"]
[Round "5.1"]
[White "Arnkilde, Anders"]
[Black "Zachariassen, John"]
[Result "1-0"]
[WhiteElo "1974"]
[BlackElo "1834"]
[PlyCount "71"]
[EventDate "2017.??.??"]

1. e4 d6 2. d4 g6 3. Nc3 Bg7 4. Nf3 Nf6 5. Bd3 O-O 6. Be3 Ng4 7. Bg5 c6 8. h3
Nf6 9. Qd2 Re8 10. O-O-O a5 11. Bh6 Bh8 12. e5 dxe5 13. dxe5 Nd5 14. Bc4 Be6
15. Nxd5 cxd5 16. Bxd5 Qb6 17. Bxe6 Qxe6 18. Qd5 Qxd5 19. Rxd5 Nc6 20. Rb5 a4
21. a3 Na5 22. Rd1 f6 23. e6 Nc4 24. Rxb7 f5 25. Bf4 Ra6 26. Rb4 Rc8 27. Rxc4
Bxb2+ 28. Kxb2 Rxc4 29. Rd8+ Kg7 30. Be5+ Kh6 31. Nd4 Rb6+ 32. Kc1 f4 33. Bxf4+
Kh5 34. Rd5+ g5 35. Rxg5+ Kh4 36. Nf3# 1-0

[Event "Faxe Dags EMT 2017"]
[Site "Faxe"]
[Date "2017.05.03"]
[Round "5.2"]
[White "Lindskov, Villy"]
[Black "Sorensen, Lindved"]
[Result "1-0"]
[WhiteElo "1755"]
[BlackElo "1695"]
[PlyCount "91"]
[EventDate "2017.??.??"]

1. e4 d5 2. exd5 Nf6 3. d4 Nxd5 4. c4 Nb6 5. Nc3 Bf5 6. Be3 e6 7. Nf3 N8d7 8.
Bd3 Bxd3 9. Qxd3 Nc5 10. Qe2 Na6 11. a3 c5 12. d5 Qe7 13. Rd1 Rd8 14. O-O g6
15. dxe6 Rxd1 16. exf7+ Kxf7 17. Rxd1 h6 18. Nd5 Qe6 19. Qc2 Bg7 20. b3 Rd8 21.
Nxb6 Qxb6 22. Rxd8 Qxd8 23. Qd2 Qf6 24. h3 Qa1+ 25. Qc1 Qa2 26. Bxh6 Qxb3 27.
Bxg7 Kxg7 28. Ne5 Qb6 29. Qd1 Nb8 30. Qd5 Qb1+ 31. Kh2 Qf5 32. Qxb7+ Kf6 33.
Ng4+ Kg5 34. Qxb8 Qf4+ 35. Qxf4+ Kxf4 36. Ne3 Ke4 37. Kg3 Kd4 38. Kg4 Kc3 39.
Kg5 Kb3 40. Kxg6 Kxa3 41. h4 a5 42. h5 Kb2 43. h6 a4 44. h7 a3 45. h8=Q+ Kb1
46. Nd1 1-0

[Event "Faxe Dags EMT 2017"]
[Site "Faxe"]
[Date "2017.05.03"]
[Round "5.3"]
[White "Nielsen, Per Henrik Axel"]
[Black "Andersen, Bjarne Hjorth"]
[Result "1/2-1/2"]
[WhiteElo "1874"]
[BlackElo "1914"]
[PlyCount "23"]
[EventDate "2017.??.??"]

1. Nf3 Nf6 2. g3 g6 3. b3 Bg7 4. Bb2 O-O 5. Bg2 d5 6. c4 c6 7. O-O Qb6 8. cxd5
cxd5 9. d4 Nc6 10. Nc3 Bf5 11. Na4 Qd8 12. Rc1 1/2-1/2

[Event "Faxe Dags EMT 2017"]
[Site "Faxe"]
[Date "2017.05.03"]
[Round "5.4"]
[White "Gregor, Jan"]
[Black "Petersen, Bent"]
[Result "0-1"]
[WhiteElo "1530"]
[BlackElo "1885"]
[PlyCount "64"]
[EventDate "2017.??.??"]

1. e4 c5 2. Nf3 Nc6 3. Bb5 e6 4. Bxc6 bxc6 5. O-O g6 6. d4 cxd4 7. Qxd4 Qf6 8.
Bg5 Qxd4 9. Nxd4 Bg7 10. c3 Rb8 11. Nd2 Ba6 12. Rfd1 Nf6 13. Bf4 Rxb2 14. Bd6
Bf8 15. e5 Bxd6 16. exd6 O-O 17. N4b3 Rb8 18. c4 Rb4 19. Rdc1 Kg7 20. Kf1 Ne8
21. Nc5 Rxd2 22. Nxa6 Rbb2 23. c5 Rxf2+ 24. Kg1 Rxg2+ 25. Kh1 Nf6 26. Rcb1
Rxh2+ 27. Kg1 Rhc2 28. Nb4 Rxb1+ 29. Rxb1 Rxc5 30. a4 h5 31. Kg2 Ne4 32. Re1 f5
0-1

[Event "Faxe Dags EMT 2017"]
[Site "Faxe"]
[Date "2017.05.03"]
[Round "5.5"]
[White "Heidelbach, John"]
[Black "Laursen, Kurt Kjaer"]
[Result "1-0"]
[WhiteElo "1866"]
[BlackElo "1629"]
[PlyCount "73"]
[EventDate "2017.??.??"]

1. c4 c5 2. Nf3 Nc6 3. g3 Nf6 4. Bg2 e6 5. O-O Be7 6. Nc3 O-O 7. d4 cxd4 8.
Nxd4 a6 9. e4 Nxd4 10. Qxd4 Qc7 11. b3 d6 12. Bb2 Rb8 13. Rac1 Bd7 14. h3 Rfd8
15. Rfd1 Bc6 16. a3 Rbc8 17. Qe3 Bd7 18. Ne2 Ne8 19. Bd4 Qb8 20. Bb6 Nc7 21.
Rc2 Be8 22. Rcd2 Rd7 23. Ba7 Qa8 24. Bd4 f6 25. h4 e5 26. Bb2 Bf7 27. Nc3 Rcd8
28. Na4 Be8 29. Nb6 Qa7 30. Bh3 Na8 31. Nxd7 Qxe3 32. fxe3 Bxd7 33. Bxd7 Rxd7
34. c5 Kf7 35. Bc3 Rc7 36. cxd6 Bxd6 37. Ba5 1-0

[Event "Faxe Dags EMT 2017"]
[Site "Faxe"]
[Date "2017.05.03"]
[Round "5.6"]
[White "Eckert, Svend"]
[Black "Nielsen, Kurt Sogaard"]
[Result "1-0"]
[WhiteElo "1628"]
[BlackElo "1710"]
[PlyCount "77"]
[EventDate "2017.??.??"]

1. c4 Nf6 2. d4 e6 3. Nc3 d5 4. c5 c6 5. b4 Be7 6. Nf3 Nbd7 7. e3 b5 8. a4 bxa4
9. Qxa4 O-O 10. Qxc6 Rb8 11. Qa4 a6 12. Ba3 Qc7 13. Be2 Bb7 14. O-O Ra8 15. Qa5
Qc6 16. b5 axb5 17. Qxb5 Qc7 18. Rfb1 Bc6 19. Qd3 Rfb8 20. Rxb8+ Qxb8 21. Nb5
e5 22. Qb1 e4 23. Nd2 Ne8 24. Qb2 f5 25. g3 g5 26. Nb1 Ng7 27. N1c3 Ne6 28. Bb4
Rxa1+ 29. Qxa1 f4 30. Bg4 Kf7 31. Bxe6+ Kxe6 32. Qa6 Qb7 33. Qxb7 Bxb7 34. Nc7+
Kf7 35. N7xd5 Bxd5 36. Nxd5 fxe3 37. fxe3 Bd8 38. c6 Ke6 39. c7 1-0

[Event "Faxe Dags EMT 2017"]
[Site "Faxe"]
[Date "2017.05.17"]
[Round "5.7"]
[White "Hansen, Aage"]
[Black "Refsgaard, Kaj"]
[Result "1-0"]
[WhiteElo "1676"]
[BlackElo "1625"]
[PlyCount "97"]
[EventDate "2017.??.??"]

1. e4 c5 2. Nf3 Nc6 3. d4 cxd4 4. Nxd4 d6 5. c4 Nf6 6. Nc3 Bd7 7. f3 g6 8. Be3
a6 9. Be2 Bg7 10. O-O O-O 11. Qd2 Qc8 12. Rac1 Nxd4 13. Bxd4 Bc6 14. g4 Rb8 15.
g5 Nh5 16. Bb6 Qh3 17. f4 Ng3 18. Rf3 Nxe2+ 19. Qxe2 Qe6 20. Nd5 Bxd5 21. cxd5
Qg4+ 22. Kf2 Qh4+ 23. Ke3 Rbc8 24. Rxc8 Rxc8 25. Qg2 Qe1+ 26. Qe2 Qxe2+ 27.
Kxe2 Rc2+ 28. Kd1 Rxb2 29. Rb3 Rxa2 30. Bd8 b5 31. Bxe7 Ra4 32. Re3 Bf8 33. Bf6
a5 34. Rc3 Rc4 35. Rxc4 bxc4 36. Kc2 Bg7 37. Be7 h6 38. Bxd6 hxg5 39. fxg5 f6
40. Kc3 f5+ 41. e5 f4 42. Kxc4 Kf7 43. Kd4 Ke8 44. Ke4 Kd7 45. Ba3 a4 46. Kxf4
Ke8 47. Ke4 Bf8 48. d6 Kd7 49. Kd5 1-0

[Event "Faxe Dags EMT 2017"]
[Site "Faxe"]
[Date "2017.05.03"]
[Round "5.8"]
[White "Alic, Ohran"]
[Black "Jakobsen, Henning"]
[Result "1/2-1/2"]
[WhiteElo "1660"]
[BlackElo "1352"]
[PlyCount "102"]
[EventDate "2017.??.??"]

1. e4 d6 2. d4 Nf6 3. Nc3 g6 4. Bd3 Nc6 5. Nf3 Bg7 6. d5 Nb4 7. Bb5+ Bd7 8. a3
Bxb5 9. Nxb5 Na6 10. Nc3 Nd7 11. Be3 O-O 12. O-O Nac5 13. Bd4 e5 14. dxe6 Nxe6
15. Bxg7 Kxg7 16. Re1 Re8 17. Qd2 Ne5 18. Nxe5 dxe5 19. Rad1 Qg5 20. Qxg5 Nxg5
21. Rd7 Ne6 22. f3 Red8 23. Red1 a6 24. Kf2 Rac8 25. b4 Nd4 26. Rxd8 Rxd8 27.
Rd2 Rd6 28. Ne2 Nb5 29. Rxd6 cxd6 30. a4 Na3 31. c3 b5 32. axb5 axb5 33. Ke3
Nc4+ 34. Kd3 g5 35. Ng3 Kf6 36. Nf5 Nb2+ 37. Kc2 Nc4 38. Kd3 Nb2+ 39. Ke3 Nc4+
40. Kf2 h5 41. Ne3 Nxe3 42. Kxe3 Ke6 43. h3 f6 44. Kd3 d5 45. g3 f5 46. g4 hxg4
47. hxg4 dxe4+ 48. fxe4 fxg4 49. Ke3 g3 50. Kf3 Kf6 51. Kxg3 Kg7 1/2-1/2

[Event "Faxe Dags EMT 2017"]
[Site "Faxe"]
[Date "2017.05.03"]
[Round "5.9"]
[White "Pedersen, Kim Bjorn"]
[Black "Stuhr, Finn"]
[Result "0-1"]
[WhiteElo "1609"]
[BlackElo "1636"]
[PlyCount "76"]
[EventDate "2017.??.??"]

1. d4 Nf6 2. c4 g6 3. Nf3 d6 4. Nc3 b6 5. Bg5 Bg7 6. e3 Bb7 7. Be2 Ne4 8. O-O
Nxg5 9. Nxg5 e5 10. f4 O-O 11. Bf3 Bxf3 12. Rxf3 exf4 13. exf4 Nc6 14. Ne2 Qf6
15. Ne4 Qe6 16. N4g3 Qxc4 17. Rc1 Qd5 18. Kh1 Rfc8 19. Rd3 Nb4 20. Rf3 Nxa2 21.
Ra1 Nb4 22. f5 Nc6 23. fxg6 fxg6 24. Nf4 Qxd4 25. Qb3+ Kh8 26. Rd1 Qxb2 27. Qd5
Ne5 28. Rb3 Qc2 29. Ne6 Qc6 30. Qd2 Qc4 31. Nd4 c5 32. Rc1 Qxd4 33. Qg5 Nd3 34.
h3 Nxc1 35. Rf3 Nd3 36. Rf7 Re8 37. Nf5 Re1+ 38. Kh2 Be5+ 0-1

[Event "Faxe Dags EMT 2017"]
[Site "Faxe"]
[Date "2017.05.03"]
[Round "5.10"]
[White "Skotte, Niels Peder"]
[Black "Frederiksen, Helge"]
[Result "1-0"]
[WhiteElo "1333"]
[BlackElo "1296"]
[PlyCount "101"]
[EventDate "2017.??.??"]

1. d4 Nf6 2. Nf3 e6 3. Bf4 Nc6 4. c3 d5 5. Nbd2 Bd6 6. Bxd6 Qxd6 7. Qc2 e5 8.
e4 Bg4 9. Bb5 Bxf3 10. Bxc6+ bxc6 11. gxf3 g5 12. h3 h6 13. O-O-O Ke7 14. Rhe1
c5 15. dxe5 Qd7 16. exf6+ Kxf6 17. exd5 Kg7 18. Rh1 Qxd5 19. b3 Qe6 20. Qe4 Qf6
21. Qc2 Rhe8 22. Rhe1 Qf4 23. Re4 Qh2 24. Rde1 Rxe4 25. Qxe4 Rd8 26. Qe5+ Qxe5
27. Rxe5 Kg6 28. Rxc5 Rd7 29. Kc2 f5 30. Nc4 Kh5 31. Rxf5 Kh4 32. Ne3 Kxh3 33.
Rf6 Rh7 34. Rg6 Kh2 35. Ng4+ Kg2 36. Rxh6 Rxh6 37. Nxh6 Kxf3 38. Kd2 Kxf2 39.
a4 Kf3 40. Kd3 c5 41. b4 Kf4 42. bxc5 Ke5 43. c4 Ke6 44. Kd4 a6 45. a5 Kd7 46.
Kd5 Kc7 47. c6 Kc8 48. Kd6 Kd8 49. c7+ Kc8 50. c5 g4 51. Nxg4 1-0

[Event "Faxe Dags EMT 2017"]
[Site "Faxe"]
[Date "2017.05.03"]
[Round "5.11"]
[White "Hansen, Borge"]
[Black "Mathiasen, Gunnar"]
[Result "1/2-1/2"]
[WhiteElo "1523"]
[BlackElo "1494"]
[PlyCount "64"]
[EventDate "2017.??.??"]

1. d4 d5 2. c4 Nf6 3. e3 e6 4. a3 c5 5. Nf3 Nc6 6. dxc5 Bxc5 7. b4 Be7 8. Be2
O-O 9. O-O Ne4 10. Bb2 Bf6 11. Bxf6 Qxf6 12. Nbd2 Nc3 13. Qe1 Rd8 14. Rc1 Nxe2+
15. Qxe2 Ne7 16. c5 Bd7 17. Qd1 a6 18. Qc2 Bc6 19. Nd4 Rac8 20. Qa2 Ng6 21.
N2f3 e5 22. Nxc6 Rxc6 23. Rcd1 Ne7 24. Rd2 h6 25. Rfd1 Qe6 26. Qb2 f6 27. Qa2
Qf7 28. h3 Rc7 29. Qb2 Nc6 30. Qa2 Rcd7 31. Qb2 Qe6 32. Qa2 Kf7 1/2-1/2

[Event "Faxe Dags EMT 2017"]
[Site "Faxe"]
[Date "2017.05.03"]
[Round "5.12"]
[White "Andersen, Hans E"]
[Black "Larsen, Alex Oksenbol"]
[Result "0-1"]
[WhiteElo "1574"]
[BlackElo "1219"]
[PlyCount "76"]
[EventDate "2017.??.??"]

1. e4 e5 2. Nf3 Nc6 3. Bc4 Nf6 4. Ng5 d5 5. exd5 Nd4 6. d6 Qxd6 7. Nxf7 Qc6 8.
d3 Qxg2 9. Nxe5 Qxh1+ 10. Kd2 Qxd1+ 11. Kxd1 Bg4+ 12. Kd2 Nf3+ 13. Nxf3 Bxf3
14. h3 O-O-O 15. a3 Re8 16. Nc3 g6 17. Ne4 Nxe4+ 18. dxe4 Bh6+ 19. Kc3 Bg7+ 20.
Kb3 Bxe4 21. Be3 Bf5 22. Rd1 Be6 23. c3 Bxc4+ 24. Kxc4 b6 25. b4 Re4+ 26. Kb3
Rh4 27. Rh1 Rh5 28. Kc4 Re8 29. a4 Kb7 30. Kb3 Bh6 31. Bd4 c5 32. bxc5 bxc5 33.
Bf6 Rf8 34. Be7 Rxf2 35. Kc4 Rf4+ 36. Kb5 c4+ 37. Kb4 a5+ 38. Ka3 Bf8 0-1

[Event "Faxe Dags EMT 2017"]
[Site "Faxe"]
[Date "2017.05.03"]
[Round "5.13"]
[White "Meldal, Peter"]
[Black "Adrian, Michael"]
[Result "0-1"]
[WhiteElo "1158"]
[BlackElo "1505"]
[PlyCount "93"]
[EventDate "2017.??.??"]

1. e4 e5 2. Bc4 Bc5 3. Nf3 Nf6 4. Nc3 d6 5. O-O Bg4 6. h3 Bh5 7. d3 Nc6 8. g4
Bg6 9. Nh4 Nd4 10. Nxg6 hxg6 11. Kg2 Qd7 12. f4 O-O-O 13. fxe5 dxe5 14. Bg5 Rh7
15. Nd5 Be7 16. Nxe7+ Qxe7 17. c3 Ne6 18. Be3 Rdh8 19. Rh1 Nf4+ 20. Bxf4 exf4
21. Qf3 g5 22. Rae1 Nd7 23. d4 f6 24. Bd3 Rh4 25. Bc4 Re8 26. Re2 Reh8 27. Bb5
c6 28. Bc4 Rf8 29. a4 Nb6 30. Bb3 Re8 31. Rhe1 Nd7 32. c4 Qb4 33. d5 Ne5 34.
Qc3 Qxc3 35. bxc3 f3+ 36. Kg3 fxe2 37. Rxe2 c5 38. d6 Kd7 39. Rd2 Nf7 40. a5
Rxe4 41. Ba4+ Ke6 42. d7 Nd8 43. Bb3 Re3+ 44. Kg2 Rexh3 45. Bc2 Re3 46. Bf5+
Ke7 47. Rb2 0-1

[Event "Faxe Dags EMT 2017"]
[Site "Faxe"]
[Date "2017.05.03"]
[Round "5.14"]
[White "Nielsen, Henning Sogaard"]
[Black "Larsen, Poul Erik"]
[Result "1-0"]
[WhiteElo "1085"]
[BlackElo "1300"]
[PlyCount "109"]
[EventDate "2017.??.??"]

1. d4 Nf6 2. c4 e6 3. Nc3 Bb4 4. Qc2 Nc6 5. e3 Ne4 6. Qxe4 d5 7. cxd5 Qxd5 8.
Bd2 Bxc3 9. Qxd5 Bxd2+ 10. Kxd2 exd5 11. a3 O-O 12. b4 Bd7 13. Rc1 a6 14. Bd3
f5 15. f4 Rac8 16. Nf3 Rf6 17. g3 Be8 18. Nh4 g6 19. Nf3 b5 20. h4 h5 21. Rc5
a5 22. Rb1 axb4 23. axb4 Na7 24. Ra1 Nc6 25. Rb1 Ne7 26. Bxb5 c6 27. Ba6 Rb8
28. Kc3 Rb6 29. Ra1 Bd7 30. Ne5 Rd6 31. Be2 Rb8 32. Raa5 Be6 33. Ra7 Nc8 34.
Ra6 Rb6 35. Ra8 Kg7 36. Ba6 Ne7 37. Ra7 Kf6 38. Rc7 Rxa6 39. Ra5 Rxa5 40. bxa5
Bc8 41. Kb4 Ba6 42. Kc5 Re6 43. Nd7+ Kf7 44. Ne5+ Ke8 45. Ra7 Bb5 46. Ra8+ Nc8
47. Rxc8+ Ke7 48. Nxc6+ Kd7 49. Na7 Ba6 50. Rc6 Rxc6+ 51. Nxc6 Bb7 52. Nb4 Ke6
53. Nd3 Kf6 54. Ne5 Bc8 55. Kb6 1-0

[Event "Faxe Dags EMT 2017"]
[Site "Faxe"]
[Date "2017.05.10"]
[Round "6.1"]
[White "Lindskov, Villy"]
[Black "Arnkilde, Anders"]
[Result "1/2-1/2"]
[WhiteElo "1755"]
[BlackElo "1974"]
[PlyCount "71"]
[EventDate "2017.??.??"]

1. e4 e5 2. Nf3 Nc6 3. Bb5 a6 4. Ba4 Nf6 5. O-O Be7 6. Re1 b5 7. Bb3 O-O 8. c3
d5 9. exd5 e4 10. Ng5 Bg4 11. Qc2 Na5 12. Nxe4 Nxb3 13. axb3 Qxd5 14. Nxf6+
Bxf6 15. d4 Rae8 16. Be3 Bc8 17. Nd2 Bb7 18. f3 Bh4 19. Bf2 Bxf2+ 20. Kxf2 Qh5
21. Kg1 Qh4 22. Ne4 Bc8 23. Qf2 Qh6 24. Nc5 Rd8 25. Re7 Qc6 26. Re2 Rd6 27.
Rae1 Rg6 28. Kh1 Qd6 29. Re4 Bf5 30. Re5 Rh6 31. g3 Bc8 32. Kg1 Qc6 33. b4 Rf6
34. Ne4 Rg6 35. Nc5 Rf6 36. Ne4 1/2-1/2

[Event "Faxe Dags EMT 2017"]
[Site "Faxe"]
[Date "2017.05.10"]
[Round "6.2"]
[White "Zachariassen, John"]
[Black "Nielsen, Per Henrik Axel"]
[Result "0-1"]
[WhiteElo "1834"]
[BlackElo "1874"]
[PlyCount "64"]
[EventDate "2017.??.??"]

1. c4 Nf6 2. Nf3 g6 3. g3 Bg7 4. Bg2 d6 5. Nc3 O-O 6. O-O Nc6 7. d3 e5 8. Bg5
h6 9. Bd2 Re8 10. Rc1 Be6 11. a3 Qd7 12. Re1 Bh3 13. Bh1 Rad8 14. b4 Ng4 15.
Nd5 Nd4 16. Ne3 c6 17. Nh4 g5 18. Nhg2 Nf6 19. Rb1 d5 20. cxd5 cxd5 21. f3 e4
22. f4 Ne6 23. dxe4 Nxe4 24. Rb3 Qc7 25. Rd3 Qb6 26. Rf1 Nd4 27. Be1 Nf5 28.
Bf2 Nxf2 29. Rxf2 Nxe3 30. Nxe3 Rxe3 31. a4 Rxd3 32. Qxd3 Bd4 0-1

[Event "Faxe Dags EMT 2017"]
[Site "Faxe"]
[Date "2017.05.10"]
[Round "6.3"]
[White "Petersen, Bent"]
[Black "Heidelbach, John"]
[Result "1-0"]
[WhiteElo "1885"]
[BlackElo "1866"]
[PlyCount "61"]
[EventDate "2017.??.??"]

1. d4 e6 2. c4 f5 3. Nc3 Nf6 4. Nf3 b6 5. e3 Bb7 6. Be2 Bb4 7. Bd2 O-O 8. O-O
Bxc3 9. Bxc3 Ne4 10. Qc2 d6 11. Rad1 Rf6 12. Nd2 Rh6 13. Nf3 Nd7 14. h3 Ng5 15.
d5 Nxf3+ 16. Bxf3 Qg5 17. Kh2 e5 18. Rg1 Rf8 19. Qa4 Nc5 20. Qc2 a5 21. Rdf1
Bc8 22. Qd1 e4 23. Be2 f4 24. exf4 Qxf4+ 25. g3 Bxh3 26. gxf4 Bxf1+ 27. Bh5
Rxf4 28. Rxg7+ Kf8 29. Kg3 Nd3 30. Qxf1 Rxh5 31. Qxd3 1-0

[Event "Faxe Dags EMT 2017"]
[Site "Faxe"]
[Date "2017.05.10"]
[Round "6.4"]
[White "Andersen, Bjarne Hjorth"]
[Black "Sorensen, Lindved"]
[Result "1-0"]
[WhiteElo "1914"]
[BlackElo "1695"]
[PlyCount "99"]
[EventDate "2017.??.??"]

1. e4 d5 2. exd5 Nf6 3. Bb5+ Bd7 4. Bc4 b5 5. Bb3 c5 6. dxc6 Bxc6 7. Nf3 e6 8.
O-O Bd6 9. Qe2 Qc7 10. h3 O-O 11. Nc3 b4 12. Nb5 Bxb5 13. Qxb5 Qc6 14. Ba4 Rc8
15. Qxc6 Nxc6 16. Bxc6 Rxc6 17. Nd4 Rc4 18. c3 e5 19. Nf5 Bf8 20. b3 Rf4 21.
Ne3 Rd8 22. Nc4 Re4 23. Bb2 Nd5 24. Rfe1 Rxe1+ 25. Rxe1 f6 26. g3 Nb6 27. Re2
Rc8 28. Ne3 a5 29. c4 a4 30. d4 axb3 31. axb3 Nd7 32. Nd5 exd4 33. Bxd4 Nc5 34.
Bxc5 Bxc5 35. Ne7+ Bxe7 36. Rxe7 Rb8 37. Kf1 Kf8 38. Rd7 h6 39. Ke2 Re8+ 40.
Kd2 Re7 41. Rxe7 Kxe7 42. Kd3 Kd6 43. Kd4 h5 44. c5+ Ke6 45. Kc4 g5 46. Kxb4 f5
47. Kb5 Kd7 48. c6+ Kc7 49. Kc5 Kc8 50. b4 1-0

[Event "Faxe Dags EMT 2017"]
[Site "Faxe"]
[Date "2017.05.10"]
[Round "6.5"]
[White "Stuhr, Finn"]
[Black "Gregor, Jan"]
[Result "1-0"]
[WhiteElo "1636"]
[BlackElo "1530"]
[PlyCount "61"]
[EventDate "2017.??.??"]

1. e4 e6 2. d4 d5 3. e5 c5 4. c3 Nc6 5. Nf3 Bd7 6. Be3 Qb6 7. Qd2 h6 8. h4 cxd4
9. cxd4 Rc8 10. Nc3 Bb4 11. Rc1 Nge7 12. Bd3 Na5 13. O-O Nf5 14. Qe2 Nxe3 15.
fxe3 O-O 16. g4 f5 17. gxf5 exf5 18. Nxd5 Qg6+ 19. Kh2 Rxc1 20. Rxc1 Nc6 21. a3
Bd6 22. Nf4 Qe8 23. exd6 Rf6 24. Bc4+ Kh8 25. Ne5 Nd8 26. Qh5 Qxh5 27. Nxh5
Rxd6 28. Nxd7 Rxd7 29. Bd3 Nc6 30. Nf4 Ne7 31. h5 1-0

[Event "Faxe Dags EMT 2017"]
[Site "Faxe"]
[Date "2017.05.10"]
[Round "6.6"]
[White "Hansen, Aage"]
[Black "Eckert, Svend"]
[Result "1-0"]
[WhiteElo "1676"]
[BlackElo "1628"]
[PlyCount "93"]
[EventDate "2017.??.??"]

1. e4 e5 2. f4 exf4 3. Nf3 g5 4. Bc4 d6 5. O-O Be6 6. Bxe6 fxe6 7. Nd4 Qf6 8.
Qh5+ Kd7 9. c3 Nc6 10. Nxc6 bxc6 11. d4 Be7 12. g3 Qg6 13. Qxg6 hxg6 14. gxf4
Rf8 15. Kg2 Rh4 16. e5 g4 17. Be3 Rh3 18. Bf2 Rxf4 19. Bg3 Rxf1 20. Kxf1 Nh6
21. Nd2 Nf5 22. Kg2 d5 23. b4 Bg5 24. Nf1 Nh4+ 25. Kf2 Nf3 26. Rd1 Bh4 27. Kg2
Bg5 28. Rb1 Nd2 29. Rb2 Ne4 30. Rc2 Rh8 31. Be1 Rf8 32. Ng3 Nxg3 33. Kxg3 Rf1
34. Kxg4 Bf4 35. Bg3 g5 36. Bxf4 gxf4 37. h4 Ke7 38. Rh2 Kf7 39. h5 Kg7 40. h6+
Kh7 41. Kg5 f3 42. Kf6 Rc1 43. Kxe6 Rxc3 44. Kd7 Rc4 45. e6 Rxd4 46. e7 Re4 47.
e8=Q 1-0

[Event "Faxe Dags EMT 2017"]
[Site "Faxe"]
[Date "2017.05.10"]
[Round "6.7"]
[White "Alic, Ohran"]
[Black "Skotte, Niels Peder"]
[Result "1/2-1/2"]
[WhiteElo "1660"]
[BlackElo "1333"]
[PlyCount "42"]
[EventDate "2017.??.??"]

1. e4 d6 2. d4 e5 3. dxe5 dxe5 4. Qxd8+ Kxd8 5. Bc4 Ke8 6. Nf3 Nc6 7. Bb5 Bd6
8. O-O Bd7 9. c3 a6 10. Bc4 Ke7 11. Be3 h6 12. Nbd2 Nf6 13. h3 g5 14. Nh2 Nh5
15. Be2 Nf4 16. Bxf4 gxf4 17. Bg4 Raf8 18. Nc4 f5 19. Bxf5 Bxf5 20. exf5 Rxf5
21. Nxd6 cxd6 1/2-1/2

[Event "Faxe Dags EMT 2017"]
[Site "Faxe"]
[Date "2017.05.10"]
[Round "6.8"]
[White "Refsgaard, Kaj"]
[Black "Jakobsen, Henning"]
[Result "1-0"]
[WhiteElo "1625"]
[BlackElo "1352"]
[PlyCount "100"]
[EventDate "2017.??.??"]

1. d4 Nf6 2. Bf4 d6 3. e3 g6 4. Nd2 Bg7 5. Bd3 Nc6 6. c4 e5 7. d5 Nb4 8. Qa4+
Nd7 9. Qxb4 exf4 10. exf4 Qe7+ 11. Ne2 O-O 12. O-O Nc5 13. Qa3 Bxb2 14. Qxb2
Nxd3 15. Qd4 Qxe2 16. Rad1 Re8 17. Nf3 Bf5 18. h3 Nb2 19. Rd2 Qxc4 20. Qxb2 b6
21. Rc1 Qxf4 22. Rxc7 Bxh3 23. Rd4 Qf6 24. Qd2 Re7 25. Rxe7 Qxe7 26. gxh3 Re8
27. Qh6 Qf6 28. Qf4 Qxf4 29. Rxf4 Re2 30. Ra4 a5 31. Ra3 Rb2 32. Rb3 Rxa2 33.
Rxb6 Ra3 34. Kg2 Rd3 35. Rxd6 a4 36. Rd8+ Kg7 37. Ne5 Rd4 38. Rd7 Kf6 39. Nf3
Rd3 40. Rxf7+ Kxf7 41. Ne5+ Ke7 42. Nxd3 Kd6 43. Nb4 a3 44. Kf3 Kc5 45. Nc2 a2
46. Ke4 Kd6 47. f4 h6 48. h4 h5 49. Kd4 Ke7 50. Ke5 Kd7 1-0

[Event "Faxe Dags EMT 2017"]
[Site "Faxe"]
[Date "2017.05.10"]
[Round "6.9"]
[White "Nielsen, Kurt Sogaard"]
[Black "Hansen, Borge"]
[Result "1/2-1/2"]
[WhiteElo "1710"]
[BlackElo "1523"]
[PlyCount "101"]
[EventDate "2017.??.??"]

1. d4 d5 2. c4 e6 3. Nc3 Nf6 4. cxd5 exd5 5. Bg5 Be7 6. Nf3 c6 7. e3 O-O 8. Be2
Re8 9. O-O Bf5 10. Rc1 h6 11. Bh4 Ne4 12. Bxe7 Qxe7 13. h3 Nd7 14. Bd3 Ndf6 15.
Ne5 Bh7 16. Qe2 Nd6 17. Rfe1 Bxd3 18. Qxd3 Nd7 19. Nf3 Ne4 20. Qe2 Qf6 21. Nh2
Re6 22. Ng4 Qg5 23. f4 Qd8 24. f5 Re7 25. Nxe4 Rxe4 26. Qf3 f6 27. Nf2 Re7 28.
Qg3 Qe8 29. Ng4 Kh7 30. Nf2 Qf7 31. Nd3 Rae8 32. Nf4 Nf8 33. Qf3 Re4 34. Rc2
Rxd4 35. Rce2 Rde4 36. g4 R8e7 37. h4 g5 38. hxg5 fxg5 39. Nh5 Nd7 40. Ng3 Ne5
41. Qg2 Nxg4 42. Nxe4 Rxe4 43. Qf3 Ne5 44. Qf1 Qf6 45. Rh2 g4 46. Rf2 Nf3+ 47.
Rxf3 gxf3 48. Qxf3 Re5 49. e4 Rxe4 50. Rxe4 dxe4 51. Qxe4 1/2-1/2

[Event "Faxe Dags EMT 2017"]
[Site "Faxe"]
[Date "2017.05.10"]
[Round "6.10"]
[White "Adrian, Michael"]
[Black "Laursen, Kurt Kjaer"]
[Result "1/2-1/2"]
[WhiteElo "1505"]
[BlackElo "1629"]
[PlyCount "102"]
[EventDate "2017.??.??"]

1. d4 Nf6 2. e3 d6 3. Bd3 e5 4. dxe5 dxe5 5. Nc3 Bb4 6. Bd2 O-O 7. a3 Bd6 8.
Nge2 Be6 9. Ng3 c6 10. h4 Nbd7 11. Nf5 Nc5 12. Ng3 Nxd3+ 13. cxd3 Qc7 14. Rc1
a6 15. Nce4 Nxe4 16. Nxe4 Be7 17. Nc5 Bc8 18. Ne4 Qb6 19. Bc3 f6 20. Ng3 Be6
21. b4 Rad8 22. Qc2 Rd7 23. O-O Rfd8 24. d4 exd4 25. Bxd4 Qc7 26. Qc3 Kf7 27.
a4 Bd6 28. f4 Re7 29. a5 Qb8 30. Nh5 Ree8 31. Bxf6 Bxb4 32. Qxb4 gxf6 33. Qc3
Qc7 34. Qxf6+ Kg8 35. Qg5+ Kh8 36. Rcd1 Bd5 37. f5 Qf7 38. Qf6+ Qxf6 39. Nxf6
Rxe3 40. Nxd5 cxd5 41. Rf4 Kg7 42. Rfd4 Re5 43. g4 Kf6 44. Kg2 h6 45. Kg3 Ke7
46. Rc1 Rd7 47. Rc5 Kd6 48. Rc1 Re4 49. Rcd1 Rxd4 50. Rxd4 Ke5 51. Rf4 Kf6
1/2-1/2